Formación religiosa. Fichas de trabajo. 2º curso

Guardado en:
Detalles Bibliográficos
Autor principal: Equipo Pedagógico del Instituto Pontificio San Pío X
Formato: Desconocido
Lenguaje:español
Publicado: Madrid Bruño 1973
Catálogo:MANES:  Resultados de Búsqueda del Catálogo
Clasificación de libros de texto:
Etiquetas: Agregar Etiqueta
Sin Etiquetas, Sea el primero en etiquetar este registro!
Añadido a:2016-04-26

MARC

LEADER 000000000a22000000004500
001 01727
003 OSt
008 160427s sp ||||| |||| 00| 0 spa d
040 |c centro_manes 
041 1 |a spa 
691 7 |a PRI 
100 1 |a Equipo Pedagógico del Instituto Pontificio San Pío X  |9 238 
245 0 0 |a Formación religiosa. Fichas de trabajo. 2º curso 
260 3 |a Madrid  |b Bruño  |c 1973 
300 |a 18 p.  |c 17x24 cm 
500 |a Consta de 18 fichas. Fecha de publicación tomada del Depósito Legal 
690 7 |a RyM 
942 |2 ddc  |c BK 
546 |a España 
999 |c 7701  |d 7701 
999 |c manes:7701  |d 7701